| 000 | 00456nam a2200181 a 4500 | ||
|---|---|---|---|
| 001 | 2732 | ||
| 003 | CDMR | ||
| 005 | 20130930132236.0 | ||
| 008 | 130130s1973||||||||||||||||||||||||||||d | ||
| 020 | _a050068004 | ||
| 040 |
_aCDMR _bcat _cCDMR |
||
| 100 | 1 |
_aHurrell, Ron _92053 |
|
| 245 | 1 | 0 | _aManual of television graphics |
| 260 |
_aLondon _c1973 _bThames and Hudson |
||
| 300 |
_a136 p. _bil. |
||
| 490 | 0 | _aThe Thames and Hudson Manuals | |
| 942 |
_cMON _2udc |
||
| 999 |
_c2732 _d2732 |
||